Efektívna streľba - základ úspechu

Bibliographic Details
Main Author: -L.M.- (Author)
Format: Article
Language:Slovak
Subjects:

MARC

LEADER 00000nab a2200000 a 4500
001 vtls000912472
003 SK-MaSNL
005 20260302174518.0
008 040720e19910102xo 0 slo
035 |a KE21380 
040 |a KEVKJB  |b slo  |c KEVKJB  |e AACR2 
041 0 |a slo 
044 |a xo  |c SK 
080 |a 796.332  |2 1981 
080 |a 929  |2 1981 
100 0 |a -L.M.-  |4 aut  |9 883945 
245 1 0 |a Efektívna streľba - základ úspechu 
590 |a Strausz, Ján 1942-,  |b futbalista 
600 1 7 |a Strausz, Ján,  |d 1942-,  |2 KEVKJB  |9 182271 
650 0 7 |a spomienky  |2 KEVKJB  |9 55795 
651 7 |a KE,  |2 KEVKJB  |9 877256 
655 7 |a periodikum  |2 snkbucl  |9 29553 
773 0 8 |t Večer  |g Roč. 2, č.1, 2.1.1991, s. 4 
852 |a ZVYKNI  |b KIS3GCP 
999 |c 1404290  |d 1406220